LIBRARY & INFORMATION CENTRE, KCAET, TAVANUR

ONLINE PUBLIC ACCESS CATALOGUE (OPAC)

Elements of pure geometry / (Record no. 3015)

MARC details
000 -LEADER
fixed length control field 00429cam a2200169ua 4500
003 - CONTROL NUMBER IDENTIFIER
control field OSt
008 - FIXED-LENGTH DATA ELEMENTS--GENERAL INFORMATION
fixed length control field 221219b |||||||| |||| 00| 0 eng d
041 ## - LANGUAGE CODE
Language code of text/sound track or separate title eng
082 ## - DEWEY DECIMAL CLASSIFICATION NUMBER
Classification number 516.02
Item number THI/EL
100 ## - MAIN ENTRY--AUTHOR NAME
Personal name Thiruvenkatacharya, V .
245 ## - TITLE STATEMENT
Title Elements of pure geometry /
250 ## - EDITION STATEMENT
Edition statement 1 /
260 ## - PUBLICATION, DISTRIBUTION, ETC. (IMPRINT)
Place of publication Madras :
Name of publisher Central Art Press ,
Year of publication 1962.
300 ## - PHYSICAL DESCRIPTION
Number of Pages 181 ; .
700 1# - ADDED ENTRY--PERSONAL NAME
Personal name Narasimhan, K S V S .
942 ## - ADDED ENTRY ELEMENTS (KOHA)
Koha item type Books
Holdings
Withdrawn status Lost status Damaged status Home library Current library Date acquired Full call number Accession Number Koha item type
Withdrawn     KAUAET KAUAET 07/04/2012 516.02 8179 Books
Withdrawn     KAUAET KAUAET 21/12/2022 516.02 THI/EL 7405 Books
free website counter